Reflexiones a propósito de los contenidos básicos comunes(cbc) /

Reportaje a Cecilia Braslavsky sobre los contenidos básicos comunes(CBC) a partir de la ley federal de educación. Organización de las unidades curriculares a nivel jurisdiccional.

Guardado en:
Autor Principal: Iaies, Gustavo.
Formato: Deslizar
Series:Sacapuntas
Materias:
CBC
Etiquetas: Agregar Etiqueta
Sin Etiquetas, Sea el primero en etiquetar este registro!
LEADER 00985ngm a22002535g 4500
001 CEM.cems022133
008 130507b1995##################0###0#####d
005 20241007145909.0
245 1 0 |a Reflexiones a propósito de los contenidos básicos comunes(cbc) /  |c Gustavo Iaies. 
300 |a 43'. 
490 0 |a Sacapuntas 
500 |a En soporte VHS, consultar en ventanilla. 
520 |a Reportaje a Cecilia Braslavsky sobre los contenidos básicos comunes(CBC) a partir de la ley federal de educación. Organización de las unidades curriculares a nivel jurisdiccional. 
538 |a Soporte: VHS - Norma: Pal N - Color - Grabación DRD 1995 - Hitachi=4260 
100 1 |a Iaies, Gustavo. 
082 3 7 |/ LFE-2 
653 |a EDUCACION 
653 |a LEY FEDERAL DE EDUCACION 
653 |a CBC 
653 |a CONTENIDOS 
653 |a UNIDADES CURRICULARES 
653 |a BRASLAVSKY 
653 |a NIVEL SECUNDARIO 
859 |a CEMS  |b BIB. CEMS - Depto. Recursos Didacticos  |h 370  |i LFE-2  |k DRD  |p 776.12  |t Ej.1